000 01594nam a2200205 a 4500
008 161215e2016 ag |||g |||| 001 j spa d
020 _a9789500755245
041 _aspa
092 _c808
_l32
_sHAL
100 1 _aHalvorsen, Erika
_94087
245 3 _aEl hilo rojo /
_cErika Halvorsen
250 _a3a ed.
260 _aBuenos Aires:
_bSudamericana;
_c2016.
300 _a192 p.
_b23x16 cm.
500 _aHalvorsen, E. (2016). El hilo rojo. (3a ed.). Buenos Aires : Sudamericana.
505 _aCuenta una leyenda china que un hilo rojo invisible conecta a aquellos que están destinados a encontrarse, sin importar el tiempo, el lugar o las circunstancias. El hilo se puede estirar o contraer, pero nunca romper. Antón y Abril parecen estar ligados por ese destino infalible. Luego de conocerse en un avión quedan flechados instantáneamente. Pero el azar hace que se separen y no vuelvan a cruzarse hasta varios años después. Ahora ambos han formado sus familias y están felizmente casados. Sin embargo el deseo los vuelve a atrapar en sus redes para que vivan otro encuentro inolvidable, poniendo en crisis sus valores y creencias. El hilo rojo, novela que inspiró la película, es una relato erótico y romántico sobre dos personas que se debaten entre la pasión y el amor, la aventura y la rutina, la llama de lo prohibido y el calor del hogar. Erika Halvorsen ha escrito una historia que deja sin aliento, donde las fantasías más osadas se hacen realidad.
590 _aProyecto 4to libro. Donación Constanzo Juan Carlos
655 _aLiteratura
_92917
942 _2ddc
_cLIT
999 _c3033
_d3033